LEADER 01729nam a2200337 u 4500 001 000000090979 003 CaOOAMICUS 005 20090717180259.0 008 050929s2005 be u000 u eng u 020 $a9042915609 035 $a11074468 040 $aPUL$bita 245 00$aHoly Spirit, the Church and Christian unity :$bproceedings of the consultation held at the monastery of Bose, Italy (14-20 October 2002) /$ca cura di D.Donnelly, A.Denaux, J.Famerée. 260 $aLeuven :$bLeuven University Press,$c2005. 300 $axii, 417 p. ;$c25 cm 490 1 $aBibliotheca Ephemeridum theologicarum Lovaniensium ;$v181 500 $aIndice p.[411]-417. 504 $aInclude note bibliografiche. 650 4$aSpiritus Sanctus$xCongressi.$0(OLS)http://pul/subject/1422 650 4$aEcumenismo$xCongressi.$0(OLS)http://pul/subject/2772 650 4$aDottrina cristiana$xInsegnamenti.$0(OLS)http://pul/subject/11998 700 1 $aDonnelly, Doris.$0(OLS)http://pul/name/58796 700 1 $aFamerée, Joseph.$0(OLS)http://pul/name/5932 700 1 $aDenaux, Adelbert,$d1938-$0(OLS)http://pul/name/9816 830 0$aBibliotheca Ephemeridum theologicarum Lovaniensium ;$v181.$0(OLS)http://pul/title/1445 850 $aPUL 852 $aPUL$W1$xSL Religione 1$y3$m17 A 181$j114702$nBK-PRI$b $qStampati$B114702$CPULBib$Z2$F114702 $HPUL99280 $81 941 1 $a8 996 $6020$a9042915609$9(OLS)http://pul/number/119253 996 $6245$aHoly Spirit, the Church and Christian unity :$bproceedings of the consultation held at the monastery of Bose, Italy (14-20 October 2002)$9(OLS)http://pul/title/117479 996 $6260$aLeuven :$bLeuven University Press$9(OLS)http://pul/publisher/48301 LEADER 01611nam a2200277 a 4500 001 000000159741 003 CaOOAMICUS 005 20170328172017.0 008 170328s1964 it m 001 u eng r 032 $aLibriCat 040 $aPUL$bita 100 1 $aO'Connor, William,$cC.S.Sp.$0(OLS)http://pul/name/47456 245 10$aSaint Vincent of Lerins and saint Augustine : $bwas the commonitorium of saint Vincent of Lerins intended as a polemic treatise against saint Augustine and his doctrine on predestination ? / $cWilliam O'Connor . 260 $aRoma :$bOfficium libri catholici,$c1964. 300 $a135 p. ;$c24 cm. 502 $aTesi-- Pontificia Università Gregoriana. Facultas Theologiae.1944. 504 $aBibliografia in nota a piè pagina. 600 04$aVincentius Lirinensis,$cs.,$dm. c. 450.$0(OLS)http://pul/subject/8695 600 04$aAugustinus,$cs., vesc. d'Ippona,$d354-430.$0(OLS)http://pul/subject/758 710 2 $aPontificia Università Gregoriana.$bFacoltà di teologia.$kTesi.$0(OLS)http://pul/name/81592 850 $aPUL 852 $aPUL$W1$xDP1 Tesi Pon. Univ. Gregoriana$y40$mTH PUG 1568$j183309$qTesi$B186515$CPULBib$Z2$F186515 $H25702 $82 960 $aAgostino,$cs., vesc. d'Ippona,$d354-430$9758 996 $6245$aSaint Vincent of Lerins and saint Augustine : $bwas the commonitorium of saint Vincent of Lerins intended as a polemic treatise against saint Augustine and his doctrine on predestination ? / $9(OLS)http://pul/title/199370 996 $6260$aRoma :$bOfficium libri catholici$9(OLS)http://pul/publisher/48484